The Elements of Physical Chemistry (Record no. 478580)
[ view plain ]
| 000 -LEADER | |
|---|---|
| fixed length control field | 00483nam a22001817a 4500 |
| 003 - CONTROL NUMBER IDENTIFIER | |
| control field | NUST |
| 005 - DATE AND TIME OF LATEST TRANSACTION | |
| control field | 20180605055618.0 |
| 008 - FIXED-LENGTH DATA ELEMENTS--GENERAL INFORMATION | |
| fixed length control field | 180605b ||||| |||| 00| 0 eng d |
| 020 ## - INTERNATIONAL STANDARD BOOK NUMBER | |
| International Standard Book Number | 9780198792901 |
| 038 ## - RECORD CONTENT LICENSOR | |
| Staff Name | SNS Library |
| 082 ## - DEWEY DECIMAL CLASSIFICATION NUMBER | |
| Classification number | 541 ATK 2001 |
| 100 ## - MAIN ENTRY--PERSONAL NAME | |
| Personal name | Peter Atkins |
| 9 (RLIN) | 10979 |
| 245 ## - TITLE STATEMENT | |
| Title | The Elements of Physical Chemistry |
| Statement of responsibility, etc. | Peter Atkins |
| 250 ## - EDITION STATEMENT | |
| Edition statement | 3rd Ed. |
| 260 ## - PUBLICATION, DISTRIBUTION, ETC. | |
| Place of publication, distribution, etc. | New York |
| Name of publisher, distributor, etc. | Oxford University Press |
| Date of publication, distribution, etc. | 2001 |
| 300 ## - PHYSICAL DESCRIPTION | |
| Extent | xiii, 548 P |
| Other physical details | Pb. |
| 942 ## - ADDED ENTRY ELEMENTS (KOHA) | |
| Source of classification or shelving scheme | |
| Koha item type | Book |
| Withdrawn status | Lost status | Source of classification or shelving scheme | Damaged status | Not for loan | Permanent Location | Current Location | Date acquired | Total Checkouts | Total Renewals | Full call number | Barcode | Checked out | Date last seen | Date last checked out | Price effective from | Koha item type |
|---|---|---|---|---|---|---|---|---|---|---|---|---|---|---|---|---|
| School of Natural Sciences (SNS) | School of Natural Sciences (SNS) | 06/05/2018 | 9 | 3 | 541 ATK 2001 | SNS0002545 | 03/19/2026 | 02/17/2026 | 02/17/2026 | 06/05/2018 | Book |
